Every Contestant in MasterChef Season 10 - Statistics

General Stats
  • This quiz has been taken 18 times
  • The average score is 14 of 20
Answer Stats
Contestant % Correct
Dorian
100%
Nick
100%
Sarah
85%
Micah
77%
Michael
77%
Noah
77%
Shari
77%
Fred
69%
Sam
69%
Bri
62%
Kenny
62%
Liz
62%
Renee
62%
Subha
62%
Wuta
62%
Deanna
54%
Evan
54%
Keturah
54%
Kimberly
54%
James
38%
No matching quizzes found
Score Distribution
Percent of People with Each Score
Percentile by Number Answered
Your Score History
You have not taken this quiz